00373nam a2200121Ia 4500008004100000245011700041260002400158260000900182300000800191500000900199650002300208650002000231170224s9999 xx 000 0 und d a“It’s just not that exciting anymore”: The changing centrality of SMS in the everyday lives of young Danes bNew Media & Society c2016 a18: a2016 xCommunication Arts xMultimedia Arts